Zdravotné dôsledky závislosti od návykových látok
Farmaceutické ponímanie pojmu droga. Definícia drogy podľa I. Novotného. Zdravotné dôsledky závislosti od návykových látok. Zdravotné dôsledky u závislých od alkoholu. Zdravotné dôsledky u závislých od iných návykových látok. Iné zdravotné riziká.
Saved in:
| Main Author: | |
|---|---|
| Format: | Book Chapter |
| Language: | Slovak |
| Subjects: | |
| Tags: |
No Tags, Be the first to tag this record!
|
MARC
| LEADER | 00000nla a2200000 4500 | ||
|---|---|---|---|
| 001 | 0162190 | ||
| 005 | 20220729104339.2 | ||
| 041 | 0 | |a slo | |
| 044 | |a CZ | ||
| 245 | 1 | 0 | |a Zdravotné dôsledky závislosti od návykových látok |c Ľuba Pavelová |
| 520 | |a Farmaceutické ponímanie pojmu droga. Definícia drogy podľa I. Novotného. Zdravotné dôsledky závislosti od návykových látok. Zdravotné dôsledky u závislých od alkoholu. Zdravotné dôsledky u závislých od iných návykových látok. Iné zdravotné riziká. | ||
| 610 | 2 | 0 | |a zdravie |
| 610 | 2 | 0 | |a drogy |
| 610 | 2 | 0 | |a nápoje alkoholické |
| 610 | 2 | 0 | |a správanie |
| 610 | 2 | 0 | |a mládež |
| 610 | 2 | 0 | |a mladiství |
| 100 | 1 | |a Pavelová, Ľuba | |